000 01353cam a2200337 a 4500
001 14969215
003 ARRUPE
005 20140317142808.0
008 070816s2008 dcu b 001 0 eng
010 _a 2007033940
020 _a9780813215204 (cloth : alk. paper)
020 _a081321520X (cloth : alk. paper)
035 _a(OCoLC)ocn166290643
035 _a(OCoLC)166290643
040 _aDLC
_cDLC
_dBTCTA
_dBAKER
_dYDXCP
_dRIU
_dC#P
_dDLC
050 0 0 _aBJ1461
_b.W395 2008
050 4 _aB21
_b.S78 vol. 49
082 0 0 _a128/.3
_222
100 _aHoffmann, Tobias
_99092
245 0 0 _aWeakness of will from Plato to the present /
_cedited by Tobias Hoffmann.
260 _aWashington, D.C. :
_bCatholic University of America Press,
_cc2008.
300 _axix, 316 p. ;
_c24 cm.
440 0 _aStudies in philosophy and the history of philosophy ;
_vv. 49
_99093
504 _aIncludes bibliographical references (p. 293-307) and index.
650 0 _aFree will and determinism.
_99094
700 1 _aHoffmann, Tobias,
_d1967-
_99095
856 4 1 _3Table of contents only
_uhttp://www.loc.gov/catdir/toc/ecip0725/2007033940.html
906 _a7
_bcbc
_corignew
_d1
_eecip
_f20
_gy-gencatlg
942 _2lcc
_cMONOGRAPH
999 _c120203
_d120203